| 000 | 01164nkm a2200301 c 4500 | ||
|---|---|---|---|
| 003 | BLK | ||
| 005 | 20180421002029.0 | ||
| 008 | 180412b bul rap|r|||| r0| ||bulo| | ||
| 010 | _aKNG00163974000 | ||
| 020 |
_a963-13-4633-4 _bиздат.: Корвина |
||
| 040 | _aBLK | ||
| 041 |
_aRUS _cRUS |
||
| 080 |
_aОбекти на художествено изображение _b75.04 _x:069 _z75.04:069 |
||
| 100 | 1 |
_aШупка, Магдолна _eпърви автор _9144355 |
|
| 139 |
_aШупка, Магдолна _bШ 97 |
||
| 245 | 1 | 0 |
_aЖанровые картины _bВенгерской национальной галереи _cМагдолна Шупка. |
| 257 | _aHUN | ||
| 260 |
_аБудапешт _bКорвина _c1974 |
||
| 300 |
_a30 с., 72 с. _bил. _c24 см |
||
| 380 | _a7 | ||
| 650 | 4 |
_aЖивопис - теми, образи, сюжети _9351437 |
|
| 653 | _aсюжетна живопис | ||
| 852 | _aЦб Гр А 1035 | ||
| 856 | 4 |
_qpdf _u |
|
| 856 | 4 |
_qpdf _u |
|
| 942 |
_cGRA _n0 |
||
| 944 |
_aCR _c08.08.2014 _l08.08.2014 - от С1,Р / 08.08.2014 _kКамелия_Данева |
||
| 944 |
_aED _c08.08.2014 _l08.08.2014 - от С1,Р / 08.08.2014 _k |
||
| 999 |
_c210332 _d210332 |
||